000 01192nam a2200301 a 4500
001 ebr10522064
003 CaPaEBR
006 m u
007 cr cn|||||||||
008 120127s2011 enk sb 001 0 eng d
020 _z9781848855038
020 _z9780857720511 (e-book)
040 _aCaPaEBR
_cCaPaEBR
035 _a(OCoLC)771999525
043 _ae-uk---
050 1 4 _aHN390
_b.T46 2011eb
100 1 _aThomas, J. E.
245 1 0 _aSocial disorder in Britain 1750-1850
_h[electronic resource] :
_bthe power of the gentry, radicalism and religion in Wales /
_cJ.E. Thomas.
260 _aLondon :
_bI.B. Tauris,
_c2011.
300 _a266 p.
504 _aIncludes bibliographical references and index.
533 _aElectronic reproduction.
_bPalo Alto, Calif. :
_cebrary,
_d2012.
_nAvailable via World Wide Web.
_nAccess may be limited to ebrary affiliated libraries.
651 0 _aGreat Britain
_xMoral conditions.
651 0 _aGreat Britain
_xSocial conditions.
655 7 _aElectronic books.
_2local
710 2 _aebrary, Inc.
856 4 0 _uhttp://site.ebrary.com/lib/rucke/Doc?id=10522064
_zAn electronic book accessible through the World Wide Web; click to view
999 _c142389
_d142389